Normal view
MARC view
- Buchanan, James M. , Marrilyan R. Flowers
Entry Personal Name
001 - CONTROL NUMBER
- control field: 5863
003 - CONTROL NUMBER IDENTIFIER
- control field: JO-AjAnu
005 - DATE AND TIME OF LATEST TRANSACTION
- control field: 20230606071243.0
008 - FIXED-LENGTH DATA ELEMENTS
- fixed length control field: 230606|| aca||aabn | a|a d
040 ## - CATALOGING SOURCE
- Original cataloging agency: JO-AjAnu
- Transcribing agency: JO-AjAnu
100 ## - HEADING--PERSONAL NAME
- Personal name: Buchanan, James M. , Marrilyan R. Flowers
670 ## - SOURCE DATA FOUND
- Source citation: Work cat.: (JO-AjAnu)3039: Buchanan, James M. , Marrilyan R. Flowers , author, The Public Finances: An introductory textbook